Le souci de la survie et ses étranges paradoxes (Record no. 318071)
[ view plain ]
| 000 -CABECERA | |
|---|---|
| Campo de control de longitud fija | 00353nab a22001097u 4500 |
| 008 - CÓDIGOS DE INFORMACIÓN DE LONGITUD FIJA | |
| Campo de control de longitud fija | 130520b1986 xxu||||| |||| 00| 0 fre d |
| 041 ## - CÓDIGO DE LENGUA | |
| Código de lengua del texto/banda sonora o título independiente | fre |
| 100 1# - PUNTO DE ACCESO PRINCIPAL-NOMBRE DE PERSONA | |
| Nombre de persona | Bühler, Pierre |
| 9 (RLIN) | 10824 |
| 245 00 - MENCIÓN DE TÍTULO | |
| Título | Le souci de la survie et ses étranges paradoxes |
| Mención de responsabilidad, etc. | Pierre Bühler |
| 773 0# - ENLACE AL DOCUMENTO FUENTE | |
| Título | Lumière et Vie |
| Parte(s) relacionada(s) | V.35, nº179,1986,págs. 35-48 |
| Número Internacional Normalizado para Publicaciones Seriadas (ISSN) | 0024-7359 |
| Número de control del registro relacionado | Rev261 |
| 942 ## - ENTRADA DE ELEMENTOS AGREGADOS (KOHA) | |
| Koha [por defecto] tipo de item | Artículos de revista |
| Suprimido | Perdido | Estropeado | No para préstamo | Localización permanente | Localización actual | Localización en estantería | Fecha adquisición | Préstamos totales | Fecha última consulta | Fecha del precio de reemplazo | Tipo de item de Koha |
|---|---|---|---|---|---|---|---|---|---|---|---|
| San Esteban | San Esteban | Depósito de revistas | 21/05/2013 | 21/05/2013 | 21/05/2013 | Artículos de revista |
